El pueblo en las calles : (Registro nro. 60889)

Detalles MARC
000 -CABECERA
Longitud fija campo de control 03389nam a2200469 i 4500
003 - • IDENTIFICADOR DELl NÚMERO DE CONTROL
Identificador del número de control CO-BoRNBP
005 - • FECHA Y HORA DE LA ÚLTIMA TRANSACCIÓN
Fecha y hora de la última transacción 20260513171321.0
007 - • CAMPO FIJO DE DESCRIPCIÓN FÍSICA
Campo fijo de descripción física ta
008 - • CÓDIGOS DE INFORMACIÓN DE LONGITUD FIJA
Códigos de información de longitud fija 250731s2023 ck abdojr|||| 00| 0 spa d
020 ## - • NÚMERO INTERNACIONAL NORMALIZADO PARA LIBROS
Número Internacional Normalizado para Libros (ISBN) 9786287561946
Información calificativa (volumen 1 impreso)
020 ## - • NÚMERO INTERNACIONAL NORMALIZADO PARA LIBROS
Número Internacional Normalizado para Libros (ISBN) 9786287561977
Información calificativa (volumen 2 impreso)
020 ## - • NÚMERO INTERNACIONAL NORMALIZADO PARA LIBROS
Número Internacional Normalizado para Libros (ISBN) 9786287561953
Información calificativa (volumen 1 digital)
020 ## - • NÚMERO INTERNACIONAL NORMALIZADO PARA LIBROS
Número Internacional Normalizado para Libros (ISBN) 9786287561960
Información calificativa (volumen 2 digital)
040 ## - FUENTE DE LA CATALOGACIÓN
Centro catalogador de origen CO-BoRNBP
Lengua de catalogación spa
Normas de descripción rda
Centro transcriptor CO-BoRNBP
041 0# - • CÓDIGO DE LENGUA
Código de lengua del texto/banda sonora o título independiente spa
043 ## - CÓDIGO DE ÁREA GEOGRÁFICA
Código de área geográfica s-ck---
082 04 - • NÚMERO DE LA CLASIFICACIÓN DECIMAL DEWEY
Número de clasificación (R) 322.44861
Número del ítem C25p
Número de edición 23
110 2# - • PUNTO DE ACCESO PRINCIPAL-NOMBRE DE ENTIDAD CORPORATIVA
Nombre de entidad corporativa o nombre de jurisdicción como elemento inicial Centro Nacional de Memoria Histórica.
Unidad subordinada Dirección de Construcción de Memoria Histórica
245 13 - • TITULO PROPIAMENTE DICHO
Título El pueblo en las calles :
Resto del título memorias de resistencia y represión en el estallido social de 2021 /
Mención de responsabilidad, etc. Centro Nacional de Memoria Histórica ; investigadora principal Fernanda Espinosa Moreno ; coinvestigadoras Karen Rojas [y otras tres] ; fotografías Alejandra Rojas [y otros trece] ; edición Linda Carolina Rodríguez.
250 ## - • MENCIÓN DE EDICIÓN
Mención de edición Primera edición
264 #1 - PRODUCCIÓN, PUBLICACIÓN , DISTRIBUCIÓN, FABRICACIÓN Y COPYRIGHT
Lugar de producción, publicación, distribución, fabricación Bogotá, Colombia :
Nombre del productor, editor, distribuidor, fabricante Centro Nacional de Memoria Histórica,
Fecha de de producción, publicación, distribución, fabricación o copyright 2023.
300 ## - • DESCRIPCIÓN FÍSICA
Extensión 2 volúmenes :
Otras características físicas ilustraciones, mapas, gráficas y fotografías a color ;
Dimensiones 20 cm.
336 ## - TIPO DE CONTENIDO
Término de tipo de contenido texto
Código de tipo de contenido txt
Fuente rdacontent
337 ## - TIPO DE MEDIO
Nombre del tipo de medio sin mediación
Código del tipo de medio n
Fuente rdamedia
338 ## - TIPO DE SOPORTE
Nombre del tipo de soporte volumen
Código del tipo de soporte nc
Fuente rdacarrier
520 2# - • NOTA DE RESUMEN
Resumen, etc, La investigación El pueblo en las calles: memorias de resistencia y represión en el estallido social de 2021 es el resultado de un proceso de reconstrucción y memoria colectiva que tuvo la participación de 188 personas. Los dos volúmenes que componen este estudio se han elaborado a partir de testimonios, entrevistas individuales, colectivas y grupos focales llevados a cabo con manifestantes, víctimas, sobrevivientes y participantes de diversos grupos en el estallido social de 2021 en Colombia. El objetivo fue diversificar las voces y reconstruir las memorias del estallido. El foco fueron las víctimas quienes, a través de sus relatos, muestran las dinámicas y el tratamiento de la protesta social en Colombia, en donde se destaca la necesidad de protocolos de acompañamiento, garantías para evitar hechos violentos y el reconocimiento de las víctimas generadas en el contexto de las protestas. Se enfatiza en la urgencia de garantizar el derecho a la protesta sin poner en riesgo la vida de quienes se manifiestan. (Tomado de la fuente).
521 1# - • NOTA DE PÚBLICO DESTINATARIO
Nota público destinatario (R ) Recomendado para un público mayor de 12 años.
650 17 - • PUNTO DE ACCESO ADICIONAL DE MATERIA - TÉRMINO DE MATERIA
Término de materia o nombre geográfico como elemento inicial Movimientos sociales
Subdivisión de materia general Investigaciones
Subdivisión geográfica Colombia
Subdivisión cronológica Siglo XXI
Fuente del encabezamiento o término LEMB
650 17 - • PUNTO DE ACCESO ADICIONAL DE MATERIA - TÉRMINO DE MATERIA
Término de materia o nombre geográfico como elemento inicial Víctimas de la violencia
Subdivisión de materia general Investigaciones
Subdivisión geográfica Colombia
Subdivisión cronológica Siglo XXI
Fuente del encabezamiento o término LEMB
650 17 - • PUNTO DE ACCESO ADICIONAL DE MATERIA - TÉRMINO DE MATERIA
Término de materia o nombre geográfico como elemento inicial Historia social moderna
Subdivisión geográfica Colombia
Subdivisión cronológica Siglo XXI
Fuente del encabezamiento o término LEMB
650 17 - • PUNTO DE ACCESO ADICIONAL DE MATERIA - TÉRMINO DE MATERIA
Término de materia o nombre geográfico como elemento inicial Memoria colectiva
Subdivisión geográfica Colombia
Fuente del encabezamiento o término LEMB
700 1# - • PUNTO DE ACCESO ADICIONAL - NOMBRE DE PERSONA
Nombre de persona Espinosa Moreno, Fernanda,
Término indicativo de función res
700 1# - • PUNTO DE ACCESO ADICIONAL - NOMBRE DE PERSONA
Nombre de persona Marín Pineda, Natalia,
Término indicativo de función res
700 1# - • PUNTO DE ACCESO ADICIONAL - NOMBRE DE PERSONA
Nombre de persona Rodríguez Vera, Damián,
Término indicativo de función res
700 1# - • PUNTO DE ACCESO ADICIONAL - NOMBRE DE PERSONA
Nombre de persona Machado Mosquera, Marilyn,
Término indicativo de función res
700 1# - • PUNTO DE ACCESO ADICIONAL - NOMBRE DE PERSONA
Nombre de persona Rojas, Alejandra,
Término indicativo de función pht
700 10 - • PUNTO DE ACCESO ADICIONAL - NOMBRE DE PERSONA
Nombre de persona Rodríguez, Linda Carolina,
Término indicativo de función edt
856 40 - • LOCALIZACIÓN Y ACCESO ELECTRÓNICO
Identificador Uniforme del Recurso (URI) <a href="https://centrodememoriahistorica.gov.co/wp-content/uploads/2024/11/ElPuebloEnLasCalles.pdf">https://centrodememoriahistorica.gov.co/wp-content/uploads/2024/11/ElPuebloEnLasCalles.pdf</a>
Nota pública (Volumen 1 digital)
856 40 - • LOCALIZACI&Oacute;N Y ACCESO ELECTR&Oacute;NICO
Identificador Uniforme del Recurso (URI) <a href="https://centrodememoriahistorica.gov.co/wp-content/uploads/2024/11/Estallido%20social%20vol%202%20digital%2020-11-2024.pdf">https://centrodememoriahistorica.gov.co/wp-content/uploads/2024/11/Estallido%20social%20vol%202%20digital%2020-11-2024.pdf</a>
Nota pública (Volumen 2 digital)
942 ## - ENTRADA DE ELEMENTOS AGREGADOS (KOHA)
Fuente de clasificaión o esquema Dewey Decimal Classification
Suppress in OPAC 0
Koha [por defecto] tipo de item LIbro
Existencias
Perdido Fuente de clasificaci&oacute;n o esquema Estado Físico No para pr&eacute;stamo Forma de adquisición Localizaci&oacute;n permanente Localizaci&oacute;n actual Localización en estanterías Fecha adquisici&oacute;n Pr&eacute;stamos totales Signatura completa C&oacute;digo de barras Fecha &uacute;ltima consulta N&uacute;mero de copia Fecha del precio de reemplazo Tipo de item de Koha
  Dewey Decimal Classification     Colección General Biblioteca Pública Puerto López - Jorge Eliecer Gaitán Biblioteca Pública Puerto López - Jorge Eliecer Gaitán General 05/13/2026   322.44861 C25p PLZ04432 05/13/2026 Ej.1 05/13/2026 LIbro









Instituto Departamental de Cultura del Meta - Red Departamental de Bibliotecas Públicas del Meta.